Central Library OPAC University of Rajshahi

International marketing / (Record no. 7889)

MARC details
000 -LEADER
fixed length control field 00726nam a22002412a 4500
001 - CONTROL NUMBER
control field 7889
003 - CONTROL NUMBER IDENTIFIER
rucl marc code BD-RjUL
005 - DATE AND TIME OF LATEST TRANSACTION
control field 20211208234506.0
008 - FIXED-LENGTH DATA ELEMENTS--GENERAL INFORMATION
fixed length control field 140116s1964 caua 001 0 eng d
035 ## - SYSTEM CONTROL NUMBER
System control number (BD-RjUL)7933
-- OCLC ocm00507748 from D960201M
040 ## - CATALOGING SOURCE
Original cataloging agency DLC
Transcribing agency DLC
Modifying agency UKM
-- OCL
-- EQO
-- BD-RjUL
Language of cataloging eng
041 ## - LANGUAGE CODE
Language code of text/sound track or separate title eng
082 00 - DEWEY DECIMAL CLASSIFICATION NUMBER
Classification number 658.81
Author mark and year KRI 1964
100 1# - MAIN ENTRY--PERSONAL NAME
Personal name Kramer, Roland Laird,
Dates associated with a name 1898-1976.
9 (RLIN) 20661
245 10 - TITLE STATEMENT
Title International marketing /
Statement of responsibility, etc. by Roland L. Kramer
250 ## - EDITION STATEMENT
Edition statement 2d ed.
260 ## - PUBLICATION, DISTRIBUTION, ETC. (IMPRINT)
Place of publication, distribution, etc. Burlingame, Calif :
Name of publisher, distributor, etc. South-western Pub. Co,
Date of publication, distribution, etc. 1964.
300 ## - PHYSICAL DESCRIPTION
Pagination x, 651 p. :
Illustrations ill. ;
Size 24 cm.
504 ## - BIBLIOGRAPHY, ETC. NOTE
Bibliography, etc Includes index.
650 #0 - SUBJECT ADDED ENTRY--TOPICAL TERM
Topical term or geographic name as entry element Export marketing.
9 (RLIN) 1794
942 ## - ADDED ENTRY ELEMENTS (KOHA)
Source of classification or shelving scheme Dewey Decimal Classification
Koha item type Books
Holdings
Lost status Source of classification or shelving scheme Damaged status Not for loan Collection code Permanent Location Current Location Shelving location Date acquired Source of acquisition Cost, normal purchase price Total Checkouts Full call number Date last seen Copy number Koha item type
  Dewey Decimal Classification     Non-fiction Central Library, University of Rajshahi Central Library, University of Rajshahi   06/06/1970 Zeithlinger. 50.00   658.81 KRI 1964 16/01/2014 C-4 Books
  Dewey Decimal Classification     Non-fiction Central Library, University of Rajshahi Central Library, University of Rajshahi   06/06/1970 Zeitlinger 50.00   658.81 KRI 1964 23/08/2016 C-2 Books
  Dewey Decimal Classification     Non-fiction Central Library, University of Rajshahi Central Library, University of Rajshahi   06/06/1970 Zeitlinger 50.00   658.81 KRI 1964 23/08/2016 C-3 Books
  Dewey Decimal Classification     Non-fiction Central Library, University of Rajshahi Central Library, University of Rajshahi   06/06/1970 Zeitlinger 50.00   658.81 KRI 1964 23/08/2016 C-5 Books
  Dewey Decimal Classification     Non-fiction Central Library, University of Rajshahi Central Library, University of Rajshahi   06/06/1970 Zeitlinger 50.00   658.81 KRI 1964 14/11/2016 C-6 Books